UBT Library

Risc-architekturen : (Record no. 31)

000 -LEADER
fixed length control field 00588nam a22001937a 4500
008 - FIXED-LENGTH DATA ELEMENTS--GENERAL INFORMATION
fixed length control field 131004b xxu||||| |||| 00| 0 ger d
020 ## - INTERNATIONAL STANDARD BOOK NUMBER
International Standard Book Number 3411031891
041 0# - LANGUAGE CODE
Language code of text/sound track or separate title ger
080 ## - UNIVERSAL DECIMAL CLASSIFICATION NUMBER
Universal Decimal Classification number 004.2
100 1# - Rafti
Rafti Bode, Arndt
245 10 - TITLE STATEMENT
Title Risc-architekturen :
Statement of responsibility, etc Arndt Bode
260 ## -
-- Mannheim ;
-- Wien ;
-- BI - Wissenschaftsverlag
-- 1988
300 ## -
-- 341 f. :
-- me il. ;
-- 21 cm.
500 ## -
-- Vorwort : f. [13]-15
650 #0 -
-- Softuer kompjuteri
650 #0 -
-- Kompjutera
650 #0 -
-- Arkitektura e komjuterëve
942 ## - ADDED ENTRY ELEMENTS (KOHA)
Source of classification or shelving scheme
Item type Books
Holdings
Withdrawn status Lost status Source of classification or shelving scheme Damaged status Not for loan Collection code Permanent location Current location Shelving location Date acquired Total Checkouts Full call number Barcode Date last seen Koha item type
          Koleksioni i përgjithshem UBT - Prishtine UBT - Prishtine Koleksioni i përgjithshem 10/04/2013   004.2 BOD 001-000016 10/04/2013 Books
UBT Library © 2015-2024. All rights reserved University Education for Business and Technology